000 00691nmm a2200253 a 4500
003 AR-X00000XY
005 20251128211955.0
008 107020s2006 ||||||||||||||000 | spa||
020 _a987-1147-29-5
040 _cAR-X00000XY
100 1 _aCorradi, Leonor
245 1 0 _aFor teens
_bteacher's book
_n4
260 _aBuenos Aires
_bPearson Education
_c2006
300 0 _a84 p.
_bil.
_e1 cd
500 0 _aSolicitar el cd en Mediateca no. 735022
500 0 _aMaterial para el docente
650 4 _aENSENANZA DE IDIOMAS
650 4 _aINGLES
650 4 _aEJERCICIOS DE APRENDIZAJE
650 4 _aMATERIAL DIDACTICO
700 1 _aRabinovich, Pupi
942 _cBK
998 _cNancy
999 _c21870
_d21870